Los romanos /

Guardado en:
Autor Principal: Barrow, R. H.
Formato: Libro
Publicado: México : Fondo de Cultura Económica, 1970
Materias:
Etiquetas: Agregar Etiqueta
Sin Etiquetas, Sea el primero en etiquetar este registro!
LEADER 00470nam a22001815a 4500
001 CEM.cems000867
005 20060210000000.0
008 130507s1970##################000#0#####d
003 CEMS
082 0 4 |a 945 
100 1 |a Barrow, R. H. 
245 1 0 |a Los romanos / 
260 |a México :  |b Fondo de Cultura Económica,  |c 1970 
300 |a 221 p. 
653 |a Historia 
653 |a Historia de europa 
653 |a Roma 
859 |a CEMS  |b BIB. CEMS - 11 de abril  |h 945  |i B279  |p 3501.75  |t Ej.1